What Movie Is THAT From? Quiz Stats

 Plays Quiz Updated May 29, 2015

Challenge
Share
Tweet
Embed
Score 0/22 Timer 05:00
0 Plays Today
% Correct
Superman: The Movie
94.9%
Star Wars
91.8%
Harry Potter and the Sorcerer's Stone
87.5%
Mary Poppins
86%
Men in Black
67.3%
Alice in Wonderland
65.7%
The Terminator
62.3%
Gremlins
61.1%
X-Men
58%
The Lord of the Rings: The Fellowship of the Ring
57.6%
The Neverending Story
53.6%
% Correct
Minority Report
52.8%
RoboCop
52.6%
Blade Runner
51.2%
Avatar
49.8%
Captain America: The First Avenger
47.9%
Aliens
44.2%
Holes
41.8%
The Hunger Games
41%
The Time Machine
39.7%
Bambi
37%
The Jerk
24.7%

You're not logged in!

Compare scores with friends on all Sporcle quizzes.
Join for Free
OR
Log In

You Might Also Like...

Show Comments

Extras

Top Quizzes Today


Score Distribution

Your Account Isn't Verified!

In order to create a playlist on Sporcle, you need to verify the email address you used during registration. Go to your Sporcle Settings to finish the process.

Report this User

Report this user for behavior that violates our Community Guidelines.

Details: